header

Gender and empire (Record no. 149361)

MARC details
000 -LEADER
fixed length control field 01290nam a2200313Ia 4500
245 00 - TITLE STATEMENT
Title Gender and empire
260 ## - PUBLICATION, DISTRIBUTION, ETC. (IMPRINT)
Place of publication Oxford ;
-- New York :
Name of publisher Oxford University Press,
Year of publication 2007, c2004.
300 ## - PHYSICAL DESCRIPTION
Number of Pages xiv, 306 p.
490 1# - SERIES STATEMENT
Series statement The Oxford history of the British Empire companion series
650 #0 - SUBJECT ADDED ENTRY--TOPICAL TERM
Topical Term Women
Topical Term Sex role
700 1# - ADDED ENTRY--PERSONAL NAME
Personal name Levine, Philippa.
856 40 - ELECTRONIC LOCATION AND ACCESS
Uniform Resource Identifier http://site.ebrary.com/lib/rucke/Doc?id=10254436

No items available.

© 2026 Rongo University
Contact us: librarian | system librarian | Rongo university